[Event "3rd IECC"]
[Site "Batumi GEO"]
[Date "2002.06.12"]
[Round "1"]
[White "Yagupov,I"]
[Black "Jojua,D"]
[Result "1-0"]
[WhiteElo "2474"]
[BlackElo "2125"]

1.e4 c5 2.Nf3 e6 3.Nc3 Nc6 4.d4 cxd4 5.Nxd4 d6 6.Be3 Nf6 7.f3 a6 8.Qd2 Be7
9.O-O-O O-O 10.g4 Nxd4 11.Bxd4 Nd7 12.h4 b5 13.g5 Bb7 14.a3 Rc8 15.Rg1 Ne5
16.Qe3 Nc4 17.Bxc4 Rxc4 18.Rg2 b4 19.axb4 Rxb4 20.Bc5 Rc4 21.Ba3 Qc7 22.Rd3 Rc8
23.Rgd2 Rc6 24.Kb1 Bf8 25.f4 Rb6 26.f5 a5 27.fxe6 fxe6 28.Qh3 Re8 29.Qg3 Ba6
30.Rf3 Reb8 31.g6 hxg6 32.Rdf2 Bc4 33.e5 Qb7 34.Rxf8+ Rxf8 35.Rxf8+ Kxf8
36.Qf4+ Kg8 37.Qxc4 dxe5 38.Ne4 Qc6 39.Qe2 Qd5 40.c4 Qd8 41.Ng5 Qd4 42.Qf3 Rb8
43.Qf7+ Kh8 44.Qxg6 Qd1+ 45.Ka2 Qb3+ 46.Ka1 Qd1+ 47.Qb1 Qh5 48.Bd6 Rd8 49.Qe4 Rc8
50.Ka2  1-0

[Event "Open"]
[Site "Lido Estensi ITA"]
[Date "2002.06.12"]
[Round "5"]
[White "Wohl,A"]
[Black "Jaracz,B"]
[Result "1-0"]
[WhiteElo "2388"]
[BlackElo "2288"]

1.e4 c5 2.Nf3 e6 3.d4 cxd4 4.Nxd4 Nc6 5.Nc3 Qc7 6.Be3 a6 7.Qd2 Nf6 8.f3 Bb4
9.a3 Be7 10.g4 h6 11.O-O-O b5 12.Nxc6 dxc6 13.h4 a5 14.g5 Nh5 15.gxh6 g6
16.Ne2 b4 17.a4 Rb8 18.Nf4 Nxf4 19.Bxf4 e5 20.Bg5 Be6 21.b3 f6 22.Be3 c5
23.Rg1 c4 24.Bxc4 Bxc4 25.bxc4 b3 26.c5 Qc6 27.Qxa5 bxc2 28.Kxc2 Qe6 29.Rd5 Kf7
30.Rb1 Rxb1 31.Kxb1 Qh3 32.Qb4 Qxf3 33.Rd3 Qf1+ 34.Kc2 Qe2+ 35.Bd2 Rxh6 36.Qc4+ Kg7
37.Qe6 Kf8 38.Qc8+ Kf7 39.Qb7 Rxh4 40.Qd5+ Kg7 41.c6 Rh1 42.Kc3 Qf1 43.Qa2 Qg1
44.c7 Rh8 45.Qc4 Rh1 46.Qb5 Qg4 47.Qd7  1-0

[Event "3rd IECC"]
[Site "Batumi GEO"]
[Date "2002.06.14"]
[Round "3"]
[White "Babaev,Ra"]
[Black "Yegiazarian,A"]
[Result "0-1"]
[WhiteElo "2430"]
[BlackElo "2567"]

1.e4 c5 2.Nf3 Nc6 3.d4 cxd4 4.Nxd4 e6 5.Nc3 a6 6.Be2 Nge7 7.O-O Nxd4 8.Qxd4 Nc6
9.Qd1 b5 10.Bf4 d6 11.Qd2 Ne5 12.Rad1 Bd7 13.a3 Be7 14.Bg3 Bc6 15.Qd4 O-O
16.f4 Nd7 17.Kh1 Qc7 18.Bd3 Rad8 19.Qf2 Nc5 20.Rde1 Qb7 21.b4 Nxd3 22.cxd3 Rc8
23.Bh4 Rfe8 24.Bxe7 Rxe7 25.Ne2 e5 26.Ng3 Bd7 27.Rc1 f6 28.Qe3 Be6 29.h3 Rec7
30.Ne2 h6 31.Kh2 d5 32.f5 Bf7 33.Rxc7 Rxc7 34.Rc1 Rxc1 35.Nxc1 Qc6 36.Ne2 Qc2
37.exd5 Bxd5 38.Nf4 exf4 39.Qe8+ Kh7 40.Qg6+ Kh8  0-1

[Event "6th Open"]
[Site "Voronezh RUS"]
[Date "2002.06.15"]
[Round "4"]
[White "Gasanov,E"]
[Black "Rychagov,A"]
[Result "0-1"]
[WhiteElo "2454"]
[BlackElo "2539"]

1.e4 c5 2.Nc3 e6 3.Nf3 Nc6 4.d4 cxd4 5.Nxd4 Qc7 6.Be3 a6 7.Bd3 Nf6 8.O-O Ne5
9.h3 Bc5 10.f4 d6 11.Qe1 Ng6 12.Nb3 Bxe3+ 13.Qxe3 O-O 14.g4 b5 15.g5 Nd7
16.Qg3 Bb7 17.h4 e5 18.f5 Nf4 19.Rae1 Nc5 20.Nd2 Rac8 21.Rf2 Qb6 22.Ne2 Ncxd3
23.cxd3 Rc2 24.Nxf4 Rxd2 25.Ne2 d5 26.Qxe5 dxe4 27.dxe4 Rfd8 28.h5 f6 29.gxf6 gxf6
30.Qf4 Kf7 31.Kh2 Qd6 32.Qxd6 R8xd6 33.Rc1 Rc6 34.Rxc6 Bxc6 35.Kg3 Rxb2 36.Nc3 Rxf2
37.Kxf2 Ke7 38.Ke3 Kd6 39.Kd4 h6 40.a3 a5 41.Nd1 b4 42.axb4 axb4 43.Ne3 b3
44.Nc4+ Ke7 45.Kc3 Bxe4 46.Kxb3 Bxf5 47.Kc3 Be6 48.Ne3 f5 49.Ng2 Kf6 50.Kd4 Bb3
51.Nf4 Bd1 52.Kd5 Bc2 53.Kd4 Kg5 54.Ke3 Kg4 55.Nd5 Bb3 56.Nf4 Ba4 57.Ng6 Kg5
58.Nf4 Be8 59.Nd5 Bf7 60.Nf4 Kg4  0-1

[Event "3rd IECC"]
[Site "Batumi GEO"]
[Date "2002.06.18"]
[Round "7"]
[White "Yagupov,I"]
[Black "Aroshidze,L"]
[Result "1/2-1/2"]
[WhiteElo "2474"]
[BlackElo "2346"]

1.e4 c5 2.Nf3 e6 3.Nc3 Nc6 4.d4 cxd4 5.Nxd4 Qc7 6.Be2 a6 7.O-O Nf6 8.Be3 Be7
9.f4 d6 10.a4 O-O 11.Kh1 Bd7 12.Nb3 b6 13.Bf3 Rfe8 14.Bg1 Bc8 15.e5 dxe5
16.fxe5 Nd7 17.Bxc6 Qxc6 18.Nd4 Qb7 19.Rxf7 Nxe5 20.Rf1 Ng6 21.Qe2 e5 22.Nf5 Nf4  1/2-1/2

[Event "3rd IECC"]
[Site "Batumi GEO"]
[Date "2002.06.18"]
[Round "7"]
[White "Jakovenko,D"]
[Black "Macieja,B"]
[Result "0-1"]
[WhiteElo "2557"]
[BlackElo "2584"]

1.e4 c5 2.Nf3 e6 3.d4 cxd4 4.Nxd4 Nc6 5.Nc3 Qc7 6.Be2 a6 7.O-O Nf6 8.Be3 Bb4
9.Na4 Bd6 10.g3 b5 11.Nb6 Rb8 12.Nxc8 Rxc8 13.a4 Nxd4 14.Bxd4 e5 15.Be3 Bc5
16.Bxc5 Qxc5 17.Bd3 Rb8 18.axb5 axb5 19.Ra5 Qb4 20.Qa1 O-O 21.Rd1 Qe7 22.Qa3 b4
23.Qb3 h5 24.h4 Qd6 25.Kg2 Rfc8 26.f3 Kf8 27.Qa4 Qd4 28.Qb3 Qd6 29.Kf1 Kg8
30.Ke2 Qc7 31.Qa4 d5 32.Ra7 Qd6 33.Ba6 Rc7 34.Rxc7 Qxc7 35.exd5 e4 36.d6 exf3+
37.Kxf3 Qc5 38.d7 Rd8 39.Bc8 Ng4 40.Rd3 Ne5+ 41.Kg2 Nxd3 42.cxd3 Kf8 43.Qd1 Ke7
44.Qe2+ Kd6 45.Qd2 f6 46.d4 Qd5+ 47.Kh2 b3 48.Qb4+ Ke6 49.Qb6+ Ke7 50.Qb4+ Qd6
51.Qxb3 Qxd4 52.Qa3+ Qd6 53.b4 Kf8 54.Qb2 Qe5 55.Qb3 g5 56.hxg5 fxg5 57.b5 h4
58.Qd3 Kg7 59.Kg2 hxg3 60.Qxg3 Qxb5 61.Qc3+ Kg6 62.Qd4 Qc6+ 63.Kg3 Qf6 64.Qe4+ Kg7
65.Qf3 Qe5+ 66.Kg2 Rh8 67.Qg3 Qe2+  0-1

[Event "ISYG-M16"]
[Site "Moscow RUS"]
[Date "2002.06.18"]
[Round "1"]
[White "Savchenko,B"]
[Black "Amanov,M"]
[Result "1-0"]
[WhiteElo "2313"]
[BlackElo "2061"]

1.e4 c5 2.Nc3 Nc6 3.Nf3 e6 4.d4 cxd4 5.Nxd4 Nf6 6.Nxc6 bxc6 7.e5 Nd5 8.Ne4 Qc7
9.f4 Qb6 10.c4 Bb4+ 11.Ke2 Ba6 12.Kf3 f5 13.Nf2 Ne7 14.Be3 Bc5 15.Bxc5 Qxc5
16.Qd6 Qb6 17.Rd1 Rd8 18.b3 c5 19.Be2 Nc6 20.Nd3 Nd4+ 21.Ke3 Qxd6 22.exd6 Nxe2
23.Kxe2 Rc8 24.Rhg1 Bb7 25.Ne5 g6 26.Rd3 Rg8 27.h4 Rd8 28.Rg3 Kf8 29.Rh1 a5
30.Kf2 Be4 31.h5 gxh5 32.Rxh5 Rxg3 33.Kxg3 Kg7 34.Rg5+ Kf6 35.Kh4 Bc6 36.Kh5 Rh8
37.Kh6  1-0

[Event "6th Open"]
[Site "Voronezh RUS"]
[Date "2002.06.18"]
[Round "6"]
[White "Lukjanenko,A"]
[Black "Tugaj,S"]
[Result "1-0"]
[WhiteElo "2423"]
[BlackElo "2327"]

1.e4 c5 2.Nf3 Nc6 3.d4 cxd4 4.Nxd4 e6 5.Nc3 a6 6.Be2 Qc7 7.f4 Bb4 8.Nxc6 Qxc6
9.Qd4 Be7 10.Bf3 d6 11.O-O Bd7 12.Be3 Bf8 13.Rad1 Ne7 14.Rf2 Ng6 15.e5 dxe5
16.fxe5 Qc7 17.Ne4 Nxe5 18.Bf4 Nxf3+ 19.Rxf3 Qc8 20.Nd6+ Bxd6 21.Bxd6 Qxc2
22.Bc5 O-O-O 23.Rc3 Qe2 24.Bb6+ Kb8 25.Bc7+ Ka8 26.Bxd8 Rxd8 27.Rc7  1-0

[Event "3rd IECC"]
[Site "Batumi GEO"]
[Date "2002.06.21"]
[Round "9"]
[White "Socko,B"]
[Black "Jakovenko,D"]
[Result "1/2-1/2"]
[WhiteElo "2564"]
[BlackElo "2557"]

1.e4 c5 2.Nf3 e6 3.d4 cxd4 4.Nxd4 Nc6 5.Nc3 Qc7 6.Be2 a6 7.Be3 Nf6 8.a3 Be7
9.f4 d6 10.g4 Nd7 11.h4 b5 12.Nxc6 Qxc6 13.g5 Bb7 14.Qd4 O-O 15.O-O-O Nc5
16.Bf3 Rfc8 17.h5 Bf8 18.g6 h6 19.gxf7+ Kxf7 20.Rhf1 Na4 21.Rd3 Qc4 22.b3 Qxd4
23.Bxd4 Nxc3 24.Bxc3 a5 25.Bb2 Rc7 26.Rd2 Rac8 27.Rg1 a4 28.Kb1 axb3 29.cxb3 e5
30.fxe5 dxe5 31.Bxe5 Re7 32.Bb2 Bxe4+ 33.Bxe4 Rxe4 34.Bxg7 Bxg7 35.Rd7+ Kf8
36.Rdxg7 Rc3 37.R1g3 Rxg3 38.Rxg3 Re5 39.Rh3 Ke7 40.Kc2 Kd6 41.Kc3 Kc5 42.b4+ Kb6
43.Kb3 Rg5 44.a4 bxa4+ 45.Kxa4 Rf5 46.Kb3 Kb5 47.Kc3 Rg5 48.Rh1 Rg3+ 49.Kd4 Rg4+
50.Ke5 Rg5+ 51.Kd4  1/2-1/2

[Event "3rd IECC"]
[Site "Batumi GEO"]
[Date "2002.06.22"]
[Round "10"]
[White "Velicka,P"]
[Black "Delchev,A"]
[Result "0-1"]
[WhiteElo "2437"]
[BlackElo "2550"]

1.e4 c5 2.Nf3 e6 3.d4 cxd4 4.Nxd4 Nc6 5.Nc3 Qc7 6.Be3 Nf6 7.Bd3 Nxd4 8.Bxd4 Bc5
9.Bxc5 Qxc5 10.Qe2 d6 11.Bb5+ Bd7 12.O-O-O O-O-O 13.f3 a6 14.Bxd7+ Nxd7 15.Qd2 Ne5
16.Qd4 Kc7 17.Qxc5+ dxc5 18.Rxd8 Rxd8 19.Rd1 Rd6 20.Rxd6 Kxd6 21.Nd1 Ng6
22.Kd2 Nh4 23.Ne3 g5 24.Ke2 b5 25.g3 Ng6 26.Ng2 c4 27.h4 h6 28.hxg5 hxg5
29.f4 gxf4 30.gxf4 Kc5 31.c3 a5 32.Ke3 b4 33.cxb4+ axb4 34.b3 Ne7 35.Ne1 Nc6
36.Nf3 f6 37.Nh2 Nd4 38.Ng4 f5 39.exf5 exf5 40.Nh6 c3 41.Kd3 Kd5 42.Nf7 Ne6
43.a3 Nxf4+ 44.Kc2 bxa3 45.Kxc3 Ne2+ 46.Kc2 Nd4+ 47.Kb1 Nb5  0-1

[Event "13th Open"]
[Site "Ljubljana SLO"]
[Date "2002.06.23"]
[Round "2"]
[White "Kozamernik,J"]
[Black "Farago,I"]
[Result "0-1"]
[WhiteElo "2185"]
[BlackElo "2506"]

1.e4 c5 2.Nf3 e6 3.d4 cxd4 4.Nxd4 Nc6 5.Nc3 Qc7 6.Be2 a6 7.O-O Nf6 8.Be3 Bb4
9.Na4 O-O 10.Nxc6 bxc6 11.Nb6 Rb8 12.Nxc8 Rfxc8 13.Bxa6 Rf8 14.Bd3 Bd6 15.g3 Be5
16.Rb1 Bxb2 17.f4 Qa5 18.c4 d6 19.Qc2 Ng4 20.Bd2 Qxa2 21.Kg2 Qb3 22.Qxb3 Rxb3
23.Bc2 Rbb8 24.h3 Nf6 25.Rfd1 Rfc8 26.Bc1 Bxc1 27.Rdxc1 Kf8 28.Kf3 Ke7 29.g4 Nd7
30.Ke3 e5 31.f5 Nc5 32.g5 Rxb1 33.Rxb1 Ra8 34.Kd2 Ra2 35.Kc3 Ra3+ 36.Bb3  0-1

[Event "ISYG-M14"]
[Site "Moscow RUS"]
[Date "2002.06.23"]
[Round "6"]
[White "Ponkratov,P"]
[Black "Bercys,S"]
[Result "1-0"]
[WhiteElo "2218"]
[BlackElo "2147"]

1.e4 c5 2.Nf3 e6 3.d4 cxd4 4.Nxd4 Nc6 5.Nc3 a6 6.g3 Qc7 7.Bg2 Bb4 8.Ne2 Nf6
9.O-O Be7 10.a4 d6 11.h3 O-O 12.g4 h6 13.f4 Rb8 14.Be3 Rd8 15.Qe1 b5 16.axb5 axb5
17.Qg3 b4 18.Nd1 d5 19.e5 Nd7 20.b3 Nc5 21.Nf2 d4 22.Bd2 Ba6 23.Qf3 Bb5 24.Rab1 Ra8
25.Rfc1 Ra2 26.Ra1 Nxb3 27.Qxb3 Rxa1 28.Rxa1 Bxe2 29.Qa4 Rc8 30.Nd3 Qb6 31.Kf2 Bxd3
32.cxd3 Nb8 33.Ke2 Bf8 34.Be4 Rd8 35.Qa5 Qxa5 36.Rxa5 Nd7 37.Bc6 Nb8 38.Bf3 Nd7
39.Bc6 Nb8 40.Ba4 Rc8 41.Ra8 g6 42.Kd1 Kg7 43.Bb3 Be7 44.Bc4 Bf8 45.Kc2 Rd8
46.Kb3 Nc6 47.Rxd8 Nxd8 48.Bxb4 Bxb4 49.Kxb4 Nc6+ 50.Kc5 Ne7 51.Kxd4 g5 52.Ke4 gxf4
53.Kxf4 Ng6+ 54.Ke4 Nh4 55.d4 Ng6 56.Ke3 Ne7 57.Bd3 Nd5+ 58.Kf3 Nc3 59.Bc4 Na4
60.Kf4 Nb6 61.Bb3 Nc8 62.Bc2 Ne7 63.Be4 Ng8 64.Ke3 Ne7 65.Kd3 Nc8 66.Kc4 Nb6+
67.Kb5 Nc8 68.Kc5 Ne7 69.Kd6 Kf8 70.Kd7 Ng8 71.h4 Ne7 72.g5 h5 73.g6 Ng8
74.gxf7 Kxf7 75.Bf3 Ne7 76.Bxh5+ Kf8 77.Kxe6 Nc6 78.d5 Nd4+ 79.Kf6 Nb5 80.d6 Na7
81.e6  1-0

[Event "3rd IECC"]
[Site "Batumi GEO"]
[Date "2002.06.24"]
[Round "12"]
[White "Graf,A"]
[Black "Potkin,V"]
[Result "1-0"]
[WhiteElo "2623"]
[BlackElo "2493"]

1.e4 c5 2.Nf3 e6 3.d4 cxd4 4.Nxd4 Nc6 5.Nc3 Qc7 6.Be3 Nf6 7.Qd2 Bb4 8.f3 Nxd4
9.Qxd4 Bxc3+ 10.bxc3 d5 11.exd5 O-O 12.d6 Qc6 13.c4 b6 14.Bd3 Ba6 15.Bg5 Nd7
16.Be4 Qa4 17.Bxa8 Rxa8 18.O-O Rc8 19.Qg4 Rxc4 20.Qg3 Nf8 21.Bf6 g6 22.Qg5 Rf4
23.Rfd1 Rf5 24.Qh4 Qxh4 25.Bxh4 Nd7 26.a4 Ra5 27.Be1 Rc5 28.a5 bxa5 29.Rxa5 Rxa5
30.Bxa5 f6 31.Ra1 Bb5 32.Ra3 Kf7 33.Rc3 e5 34.Rc7 Ke6 35.c4 Ba4 36.c5 Kd5
37.Bb4 a6 38.h4 h5 39.g4 Bc6 40.Kf2 a5 41.Ba3 a4 42.Ke3 f5 43.g5 f4+ 44.Kf2 Bb5
45.Rc8 Bc6 46.Rg8 Nxc5 47.Rxg6 e4 48.Bxc5  1-0

[Event "3rd IECC"]
[Site "Batumi GEO"]
[Date "2002.06.24"]
[Round "12"]
[White "Yilmaz,T"]
[Black "Sulashvili,M"]
[Result "1-0"]
[WhiteElo "2303"]
[BlackElo "2254"]

1.e4 c5 2.Nf3 e6 3.d4 cxd4 4.Nxd4 Nc6 5.Nc3 Qc7 6.g3 a6 7.Bg2 Nf6 8.O-O Be7
9.Kh1 O-O 10.f4 d6 11.Be3 Bd7 12.a4 Nxd4 13.Qxd4 e5 14.Qd3 b6 15.f5 Rfc8
16.g4 Bd8 17.g5 Ne8 18.Qd1 Bc6 19.Rf3 f6 20.g6 h6 21.Rh3 Be7 22.Bxh6 gxh6
23.Rxh6 Bf8 24.Rh7 Bg7 25.h4 Ra7 26.Qd3 Ba8 27.h5 Qb8 28.Nd5 Rc5 29.Nb4 a5
30.Na6 Rxa6 31.Qxa6 Rxc2 32.Re1 Rc5 33.h6 Bf8 34.Re3 d5 35.Rc3 Rxc3 36.bxc3 Nd6
37.exd5 e4 38.Qa7 Qe8 39.Rh8+  1-0

[Event "3rd IECC"]
[Site "Batumi GEO"]
[Date "2002.06.26"]
[Round "13"]
[White "Klerides,P"]
[Black "Sulashvili,M"]
[Result "0-1"]
[WhiteElo "2210"]
[BlackElo "2254"]

1.e4 c5 2.Nf3 e6 3.d4 cxd4 4.Nxd4 Nc6 5.Nc3 Qc7 6.Be3 a6 7.Bd3 Nf6 8.O-O b5
9.Nxc6 Qxc6 10.a3 Bb7 11.Qe2 Be7 12.f4 O-O 13.e5 Nd5 14.Nxd5 Qxd5 15.c4 bxc4
16.Bxc4 Qc6 17.b4 d5 18.exd6 Bxd6 19.Rac1 Qa4 20.Rc3 Qc6 21.Rfc1 Qd7 22.Rd3 Qe7
23.Rcd1 Rfd8 24.Bb6 Bc7 25.Bc5 Qf6 26.Rd7 Rxd7 27.Rxd7 Qxf4 28.g3 Qc1+ 29.Qf1 Qxf1+
30.Kxf1 Rc8 31.Bd6 Bxd6 32.Rxd6 Ra8 33.Rb6 Bc8 34.Be2 Kf8 35.Bf3 Ra7 36.Rb8 Rc7
37.Bb7 Rxb7 38.Rxc8+ Ke7 39.Rc6 a5 40.bxa5 Rb3 41.a6 Rxa3 42.Rc7+ Kf6 43.a7 Ra2
44.Ke1 h5 45.h4 Kg6 46.Re7 Kf6 47.Rb7 e5 48.Kd1 g6 49.Kc1 Ke6 50.Kb1 Ra6
51.Kc2 f6 52.Kd3 Kf5 53.Rg7 Ra3+ 54.Kc2 g5 55.Kb2 Ra6 56.Kc2 gxh4 57.gxh4 Kf4
58.Rf7 f5 59.Kd2 e4 60.Ke2 Ra2+ 61.Kf1 Kg4 62.Kg1 f4  0-1

[Event "Match Olympiad Hopes Schev"]
[Site "Belgrade YUG"]
[Date "2002.06.26"]
[Round "1"]
[White "Djukic,Ni"]
[Black "Damljanovic,B"]
[Result "1-0"]
[WhiteElo "2434"]
[BlackElo "2548"]

1.e4 c5 2.Nf3 Nc6 3.d4 cxd4 4.Nxd4 e6 5.Nc3 a6 6.Be2 Nge7 7.Bf4 Ng6 8.Nxc6 bxc6
9.Bd6 Bxd6 10.Qxd6 Qe7 11.O-O-O Qxd6 12.Rxd6 Ke7 13.Rhd1 f6 14.Na4 Ne5 15.Nc5 Ra7
16.R6d4 g5 17.Kb1 h5 18.Ra4 h4 19.h3 Ng6 20.Bxa6 Bxa6 21.Rxa6 Rxa6 22.Nxa6 Nf4
23.Nc5 d5 24.c4 Rd8 25.cxd5 exd5 26.Rg1 d4 27.Kc2 Ra8 28.a3 Kd6 29.Nd3 c5
30.Rd1 Ng6 31.b4 c4 32.Nb2 d3+ 33.Kc3 Rxa3+ 34.Kxc4 Ne5+ 35.Kd4 Nc6+ 36.Ke3 Ne5
37.Nxd3  1-0

[Event "13th Open"]
[Site "Ljubljana SLO"]
[Date "2002.06.27"]
[Round "6"]
[White "Gruskovnjak,T"]
[Black "Podlesnik,B"]
[Result "0-1"]
[WhiteElo "2268"]
[BlackElo "2385"]

1.e4 c5 2.Nc3 e6 3.Nf3 Nc6 4.d4 cxd4 5.Nxd4 Nf6 6.Be2 Bb4 7.O-O Bxc3 8.bxc3 Nxe4
9.Bf3 d5 10.Nxc6 bxc6 11.Ba3 Nd6 12.Qd4 O-O 13.Qc5 Nc4 14.Qxf8+ Qxf8 15.Bxf8 Kxf8
16.Be2 Na3 17.f4 Ke7 18.Bd3 c5 19.Rae1 g6 20.c4 dxc4 21.Be4 Rb8 22.Rf3 Nb5
23.Rb1 Rb6 24.c3 f5 25.Bc2 Bb7 26.Re3 Kf6 27.h4 Nc7 28.Ree1 Nd5 29.Rxb6 axb6
30.Rb1 Bc6 31.a4 Ke7 32.Bd1 Kd7 33.Bf3 Kc7 34.Bxd5 exd5 35.Rd1 Kd6 36.Rb1 d4
37.Kf2 dxc3 38.Rd1+ Kc7 39.Rc1 Bxa4 40.Rxc3 b5 41.Ke1 Kd6 42.h5 gxh5 43.Kd2 Kd5
44.Re3 Kd4 45.Re5 b4 46.Rxf5 b3 47.Kc1 Kc3  0-1

[Event "Open"]
[Site "Velika Gorica CRO"]
[Date "2002.06.28"]
[Round "7"]
[White "Bilic,M"]
[Black "Nikolac,J"]
[Result "0-1"]
[WhiteElo "2298"]
[BlackElo "2428"]

1.e4 c5 2.Nf3 e6 3.d4 cxd4 4.Nxd4 Nc6 5.Nc3 Qc7 6.Be2 a6 7.O-O Nf6 8.Kh1 Bb4
9.Qd3 Nxd4 10.Qxd4 Bc5 11.Qd3 b5 12.f4 Bb7 13.Bf3 b4 14.Na4 Be7 15.c4 Qc6
16.e5 Ne4 17.b3 f5 18.Be3 d6 19.exd6 Bxd6 20.Rad1 Be7 21.Bb6 O-O 22.Qe3 Rac8
23.Rd3 Qe8 24.Rfd1 Bc6 25.Nb2 g5 26.fxg5 Bxg5 27.Qe1 Bf6 28.Bd4 e5 29.Bg1 Nc3
30.Bxc6 Rxc6 31.R1d2 Kh8 32.Nd1 Ne4 33.Re2 a5 34.g4 Rd6 35.Rxd6 Nxd6 36.Ne3 f4
37.Nd5 Bg7 38.Bc5 Qe6 39.Bxd6 Qxd6 40.Qb1 f3 41.Rf2 Qc5 42.Rd2 Bh6 43.Rd1 Qf2
44.Rg1 Be3 45.Rg3 Bd4 46.g5 e4 47.Rg4 Qe2 48.Nf6 f2 49.Rf4 Qe1+  0-1

[Event "Match Olympiad Hopes Schev"]
[Site "Belgrade YUG"]
[Date "2002.06.30"]
[Round "5"]
[White "Pikula,D"]
[Black "Stojanovic,Da"]
[Result "1-0"]
[WhiteElo "2472"]
[BlackElo "2442"]

1.e4 c5 2.Nf3 e6 3.d4 cxd4 4.Nxd4 Nc6 5.Nc3 a6 6.Nxc6 bxc6 7.Bd3 d5 8.O-O Nf6
9.Re1 Bb7 10.e5 Nd7 11.Na4 c5 12.c4 d4 13.b3 Qc7 14.Qe2 Be7 15.Nb2 Rb8 16.Bc2 h6
17.Bd2 Qc6 18.f3 g6 19.Nd3 Kf8 20.Qf2 Kg7 21.Qg3 h5 22.h4 Qc7 23.Bg5 Bxg5
24.Qxg5 Qd8 25.Qg3 Qe7 26.Nf4 Rh6 27.Rad1 Bc6 28.Kh2 a5 29.Nh3 a4 30.f4 axb3
31.axb3 Rb6 32.Ng5 Nf8 33.Ra1 Rh8 34.Ra5 Bb7 35.Ra7 Nh7 36.Ne4 Rd8 37.Nf2 Ra8
38.Rxa8 Bxa8 39.f5 exf5 40.Bxf5 Nf8 41.Nh3 Ne6 42.Rf1 Qb7 43.Bxe6 Rxe6 44.Ng5 Re7
45.Rf2 Qb8 46.Nxf7 Qc8 47.Nd6 Qg4 48.Qxg4 hxg4 49.Kg3 Rxe5 50.Kxg4 Re3 51.Rf7+ Kh6
52.Rc7 Bxg2 53.Nf7+ Kg7 54.Ng5+ Kf6 55.Kf4 Re7 56.Rxc5 d3 57.Rc8 d2 58.Rd8 Re2  1-0

[Event "13th Open"]
[Site "Ljubljana SLO"]
[Date "2002.06.30"]
[Round "9"]
[White "Mazi,L"]
[Black "Gjuran,D"]
[Result "1-0"]
[WhiteElo "2378"]
[BlackElo "2167"]

1.e4 c5 2.Nf3 e6 3.d4 cxd4 4.Nxd4 Nc6 5.Nc3 Qc7 6.g3 a6 7.Bg2 Nf6 8.O-O Nxd4
9.Qxd4 Bc5 10.Bf4 d6 11.Qd2 h6 12.Rad1 e5 13.Be3 Ke7 14.Bxc5 Qxc5 15.Na4 Qc7
16.c4 Be6 17.b3 b5 18.Nb2 Rhd8 19.cxb5 axb5 20.Nd3 Nd7 21.Rc1 Qb7 22.Nb4 Nc5
23.Qe2 Rac8 24.Rfd1 Na6 25.Nd5+ Bxd5 26.exd5 Rc5 27.b4 Rxc1 28.Rxc1 Nxb4
29.Rb1 Na6 30.Rxb5 Qd7 31.a4 Nc5 32.a5 Kf8 33.Bf1 Qa7 34.Qb2 Qa8 35.Qa2 Ne4
36.Rb2 Qa7 37.a6 Nc5 38.Qa5 Rd7 39.Rb6 Ke7 40.Rc6  1-0

[Event "Milivoj Petrov Mem"]
[Site "Pancevo YUG"]
[Date "2002.07.01"]
[Round "8"]
[White "Colovic,A"]
[Black "Rajkovic,Du"]
[Result "1-0"]
[WhiteElo "2362"]
[BlackElo "2501"]

1.e4 c5 2.Nf3 e6 3.d4 cxd4 4.Nxd4 Nc6 5.Nc3 Qc7 6.Be3 a6 7.Bd3 b5 8.Nxc6 Qxc6
9.O-O Bb7 10.a3 Nf6 11.Qe2 Qc7 12.h3 Be7 13.f4 d6 14.Rae1 O-O 15.Bd4 e5 16.Be3 Rae8
17.Qf2 Bc6 18.Kh1 Qb7 19.Bd2 Nd7 20.Qg3 Bf6 21.f5 Nc5 22.Bh6 Kh8 23.Bxg7+ Bxg7
24.f6 Rg8 25.fxg7+ Rxg7 26.Qh4 b4 27.Nd1 bxa3 28.bxa3 Reg8 29.Rf2 d5 30.Ne3 Nxd3
31.cxd3 dxe4 32.Nf5 exd3 33.Nxg7 Rxg7 34.Qd8+ Rg8 35.Qf6+ Rg7 36.Rxe5 Qb1+
37.Kh2 Qb7  1-0

[Event "5th Comtois Masters"]
[Site "Belfort FRA"]
[Date "2002.07.02"]
[Round "5"]
[White "Hamdouchi,H"]
[Black "Tregubov,P"]
[Result "1-0"]
[WhiteElo "2570"]
[BlackElo "2627"]

1.e4 c5 2.Nc3 e6 3.Nf3 Nc6 4.d4 cxd4 5.Nxd4 a6 6.Nxc6 bxc6 7.Bd3 d5 8.O-O Nf6
9.Qe2 Be7 10.Na4 O-O 11.c4 dxc4 12.Bxc4 Bb7 13.Rd1 Qc7 14.Be3 c5 15.f3 Qc6
16.b3 Rfd8 17.Qf2 Rxd1+ 18.Rxd1 Nd7 19.Bf1 Rc8 20.Nb2 Ne5 21.Rc1 Qd6 22.Kh1 Kf8
23.Bf4 Qb8 24.Rd1 f6 25.Qg3 Bd6 26.Qh3 Kf7 27.Bxe5 fxe5 28.Bc4 Re8 29.Qxh7 Bc8
30.Nd3 Qc7 31.f4 exf4 32.e5 Bf8 33.Nxf4 Rd8 34.Rf1  1-0

[Event "Milivoj Petrov Mem"]
[Site "Pancevo YUG"]
[Date "2002.07.03"]
[Round "10"]
[White "Todorovic,GM"]
[Black "Rajkovic,Du"]
[Result "1/2-1/2"]
[WhiteElo "2487"]
[BlackElo "2501"]

1.e4 c5 2.Nf3 e6 3.d4 cxd4 4.Nxd4 Nc6 5.Nc3 a6 6.Be3 Qc7 7.Qd2 Nxd4 8.Bxd4 b5
9.O-O-O Ne7 10.Kb1 Nc6 11.Be3 Ne5 12.Bf4 f6 13.Be2 Be7 14.Bg3 O-O 15.Nd5 Qd8
16.Nxe7+ Qxe7 17.f4 Nf7 18.Bf3 Ra7 19.Bh4 d6 20.Bh5 Rd7 21.Rhe1 e5 22.Bg3 exf4
23.Bxf7+ Qxf7 24.Bxf4 Re8 25.Qb4 Bb7 26.g3 Qe6 27.Rxd6 Rxd6 28.Qxd6 Qxd6
29.Bxd6 Bxe4 30.Kc1 g5 31.Re3 Kf7 32.Ra3 Bf5 33.Rxa6 Re2 34.Ra7+ Kg6 35.Rc7 Rxh2
36.b4 h5 37.a4 Rh1+ 38.Kb2 Rd1 39.Bf8 h4 40.gxh4 gxh4 41.Rg7+ Kh5 42.Rg2 bxa4  1/2-1/2

[Event "30th World Open"]
[Site "Philadelphia USA"]
[Date "2002.07.03"]
[Round "5"]
[White "Faulks,N"]
[Black "Friedman,J"]
[Result "0-1"]
[WhiteElo "2056"]
[BlackElo "2160"]

1.e4 c5 2.Nc3 Nc6 3.Nf3 e6 4.d4 cxd4 5.Nxd4 Qc7 6.Ndb5 Qb8 7.Be3 a6 8.Bb6 axb5
9.Nxb5 Ra5 10.Bxa5 Nxa5 11.Qd2 Nc6 12.f4 Nf6 13.e5 Ne4 14.Qe3 d5 15.exd6 Nxd6
16.Rd1 Be7 17.Be2 Nxb5 18.Bxb5 O-O 19.O-O Qc7 20.Kh1 Nb4 21.c3 Nd5 22.Qf3 Qb6
23.Bd3 Ne3 24.Qf2 Qc5  0-1

[Event "23rd Open"]
[Site "Bled SLO"]
[Date "2002.07.04"]
[Round "3"]
[White "Kovacevic,A"]
[Black "Jaracz,B"]
[Result "1-0"]
[WhiteElo "2547"]
[BlackElo "2265"]

1.e4 c5 2.Nf3 e6 3.d4 cxd4 4.Nxd4 Nc6 5.Nc3 Qc7 6.Be2 a6 7.O-O Nf6 8.Be3 Bb4
9.Na4 Be7 10.Nxc6 bxc6 11.Nb6 Rb8 12.Nxc8 Qxc8 13.Bd4 c5 14.Be5 Rb6 15.Qd3 d6
16.Bc3 O-O 17.b3 d5 18.exd5 Nxd5 19.Be5 Bf6 20.Bxf6 Nxf6 21.Rfd1 Qc7 22.a3 h6
23.Qc4 a5 24.Rd2 Rbb8 25.Rad1 Nd5 26.Bf3 Nb6 27.Qa6 a4 28.bxa4 Qf4 29.Bc6 Rfc8
30.g3 Qc4 31.Bb5 Qc3 32.Rd3 Qb2 33.c4 e5 34.a5 Na8 35.Qa7 e4 36.Re3 Nc7 37.Bd7 Qc2
38.Rde1 Rb2 39.R3e2  1-0

[Event "23rd Open"]
[Site "Bled SLO"]
[Date "2002.07.04"]
[Round "3"]
[White "Dimitrijevic,A"]
[Black "Lazar,Ales ml"]
[Result "1/2-1/2"]
[WhiteElo "2269"]
[BlackElo "2304"]

1.e4 c5 2.Nf3 e6 3.d4 cxd4 4.Nxd4 Nc6 5.Nc3 Qc7 6.Be3 a6 7.f4 b5 8.e5 Bb7
9.Qd2 Nh6 10.O-O-O Nxd4 11.Bxd4 Nf5 12.Bb6 Qc8 13.Bd3 Bb4 14.Rhf1 h5 15.Kb1 O-O
16.Bxf5 Bxc3 17.bxc3 exf5 18.Qxd7 Bxg2 19.Rg1 Qxd7 20.Rxd7 Bc6 21.Rd6 Rfc8
22.Bd4 Rc7 23.Bb6 Rcc8 24.Rg5 Be8 25.Rd3 Rc6 26.Bd4 g6 27.a3 Rac8 28.Kb2 Kf8
29.Rg2 Rc4 30.Rf2 Bc6 31.Bb6 Be4 32.Rd8+ Rxd8 33.Bxd8 Ke8 34.Rd2 Rc5 35.Bf6 Rd5
36.Rd4 Kd7 37.h4 Kc6  1/2-1/2

[Event "1st Open"]
[Site "La Fere FRA"]
[Date "2002.07.04"]
[Round "8"]
[White "Dgebuadze,A"]
[Black "Te Llalemand,R"]
[Result "1-0"]
[WhiteElo "2537"]
[BlackElo "2300"]

1.e4 c5 2.Nf3 Nc6 3.d4 cxd4 4.Nxd4 e6 5.Nc3 a6 6.g3 Qc7 7.Bg2 Bb4 8.O-O Nf6
9.Nde2 Be7 10.a4 d6 11.b3 O-O 12.Bb2 b6 13.h3 Bb7 14.g4 d5 15.exd5 Rad8 16.Qc1 Nxd5
17.Nxd5 exd5 18.Nd4 Nxd4 19.Bxd4 Bc5 20.Qd2 Bxd4 21.Qxd4 f5 22.f4 fxg4 23.hxg4 Rd6
24.Rf2 Qd7 25.f5 h5 26.Re1 hxg4 27.Qxg4 Rdf6 28.Re5 Bc6 29.Qd4 Rd6 30.Rfe2 Qf7
31.Qxb6 Qh5 32.f6 Qg4 33.fxg7 Qxg7 34.Re7 Qg4 35.Qe3 Rff6 36.Qd3 Rg6 37.Rf2 d4
38.Qc4+ Bd5 39.Re8+ Kh7 40.Qc7+ Rg7 41.Qxd6 Bxg2 42.Rh8+  1-0

[Event "Open"]
[Site "Oberwart AUT"]
[Date "2002.07.05"]
[Round "1"]
[White "Al Modiahki,M"]
[Black "Solger,B"]
[Result "1-0"]
[WhiteElo "2523"]
[BlackElo "2056"]

1.e4 c5 2.Nc3 Nc6 3.Nf3 e6 4.d4 cxd4 5.Nxd4 a6 6.Nxc6 bxc6 7.Bd3 d5 8.O-O Nf6
9.Qe2 Be7 10.b3 O-O 11.Bb2 Bb7 12.Rad1 Re8 13.Na4 Nd7 14.c4 Nc5 15.Nxc5 Bxc5
16.exd5 cxd5 17.cxd5 Bxd5 18.Qc2 Qg5 19.Bxh7+ Kh8 20.Be4 Bxe4 21.Qxe4 Red8
22.g3 Rac8 23.Kg2 a5 24.h4 Qh5 25.g4 Qh6 26.h5 Kg8 27.Bc1 Qh7 28.Qxh7+ Kxh7
29.Bf4 Rxd1 30.Rxd1 Bb4 31.Rd7 f6 32.h6 Rg8 33.Kf3 Kg6 34.Rxg7+ Rxg7 35.hxg7 Kxg7
36.Ke2 Bc5 37.Be3 Bd6 38.Kd3 Kf7 39.Kc4 Ke8 40.Kb5 Bb4 41.Bb6 Be1 42.f3 Kd7
43.Bxa5 Bf2 44.Bb6 Be1 45.a4 f5 46.gxf5 exf5 47.a5 Kc8 48.a6 Kb8 49.Kc6 Ka8
50.Bc5  1-0

[Event "XX Open"]
[Site "Andorra la Vella AND"]
[Date "2002.07.06"]
[Round "1"]
[White "De la Fuente Mayan,A"]
[Black "Delchev,A"]
[Result "0-1"]
[WhiteElo "2158"]
[BlackElo "2557"]

1.e4 c5 2.Nf3 e6 3.d4 cxd4 4.Nxd4 Nc6 5.Nc3 Qc7 6.Be3 Nf6 7.Bd3 a6 8.O-O b5
9.a3 Bb7 10.Qe2 Be7 11.Kh1 h5 12.f4 h4 13.Nf3 Na5 14.Nd2 h3 15.g3 d5 16.exd5 Nc4
17.Bd4 Nxd5 18.Nxd5 Nxd2 19.Qxd2 Rd8 20.Be4 Bxd5 21.Bxd5 Rxd5 22.c3 Qb7 23.Kg1 Bc5
24.Rf2 O-O 25.Qe3 Bxd4 26.cxd4 Rc8 27.Rd1 Rc4 28.Qe4 Qb6 29.Rfd2 b4 30.axb4 Rxb4
31.Kf1 g6 32.Rc2 Rxb2 33.Rxb2 Qxb2 34.Rb1 Qxh2 35.Rb8+ Kg7  0-1